000 00932nam a2200265 a 4500
999 _c424262
_d424262
003 BLK
005 20250716090555.0
008 180409b bul|||||r ||||||| ||bul||
020 _a9785783321467
040 _aBLK
041 _aBUL
_cBUL
080 _aОснови на четенето. Методи на обучение в четенето
_b373.3.016:028.1
_z373.3.016:028.1
080 _aБългарска литература
_b821.163.2
_x-93-34
_z821.163.2-93-34
139 _aЧетене на срички
_bЧ 75
245 _aЧетене на срички
_cАдап. Марин Василев
257 _aBGR
260 _aСофия
_bИна
_c2021
_9216067
_n978-954-9328-
300 _a48 с.
_c24 см
380 _aDN
490 _9460124
_aМоят първи учебник
856 4 _qpdf
856 4 _qpdf
942 _cKNG
_n0
_051
_s1
944 _k30542
_aCR
_c2021-07-19
_lРусанова Ирена